Vidas de los Santos de Butler

Saved in:
Bibliografiske detaljer
Format: Bog
Sprog:spansk
Udgivet: Ciudad de México Collier's International 1965
Fag:
Tags: Tilføj Tag
Ingen Tags, Vær først til at tagge denne postø!

MARC

LEADER 00000nam a2200000 a 4500
001 UCL4221
003 CL-VaPUC
008 040109e19650000MX |||||||||||||||||spa|d
082 0 4 |a 270.092  |b VID  |2 21 
245 1 0 |a Vidas de los Santos de Butler 
300 |a v 
942 |c BK 
945 |d 20040109 00:00:00  |a vberengu 
260 |a Ciudad de México  |b Collier's International  |c 1965 
500 |a v.1: Enero, febrero, marzo 
500 |a v.2: Abril, mayo, junio 
500 |a v.3: Julio, agosto, septiembre 
500 |a v.4: Octubre, noviembre, diciembre 
600 0 7 |a BUTLER, ALBAN  |2 CL-VaPUC  |9 481711 
650 7 |a SANTOS CRISTIANOS BIOGRAFIAS  |2 CL-VaPUC  |9 317496 
650 0 |a Vida y obra  |9 311871 
583 |a last modification  |c 20040109 00:00:00  |k Rodrigo Vera 
999 |c 307103  |d 307101 
952 |0 0  |1 0  |4 0  |6 270_092000000000000_VID_1965  |7 0  |8 F  |9 372643  |a BIBTEO  |b BIBTEO  |d 2019-11-21  |h v.1  |i 209939K  |o 270.092 VID 1965  |p 209939K  |r 2025-01-17  |w 2019-11-21  |y BK_F  |k ICR 
952 |0 0  |1 0  |4 0  |6 270_092000000000000_VID_1965  |7 0  |8 F  |9 372644  |a BIBTEO  |b BIBTEO  |d 2019-11-21  |h v.2  |i 2099403  |o 270.092 VID 1965  |p 2099403  |r 2025-01-17  |w 2019-11-21  |y BK_F  |k ICR 
952 |0 0  |1 0  |4 0  |6 270_092000000000000_VID_1965  |7 0  |8 F  |9 372645  |a BIBTEO  |b BIBTEO  |d 2019-11-21  |h v.3  |i 2099411  |o 270.092 VID 1965  |p 2099411  |r 2025-01-17  |w 2019-11-21  |y BK_F  |k ICR 
952 |0 0  |1 0  |4 0  |6 270_092000000000000_VID_1965  |7 0  |8 F  |9 372646  |a BIBTEO  |b BIBTEO  |d 2019-11-21  |h v.4  |i 209942K  |o 270.092 VID 1965  |p 209942K  |r 2025-01-17  |w 2019-11-21  |y BK_F  |k ICR